[Event "Samara Region-ch (Women)"]
[Site "Samara"]
[Date "2013.12.16"]
[Round "1"]
[White "Shur, Tatiana"]
[Black "Arutyunova, Anastasia"]
[Result "1-0"]
[WhiteElo "1807"]
[BlackElo "1484"]
[PlyCount "61"]
[EventDate "2013.12.16"]
[EventType "tourn"]
[EventRounds "9"]
[EventCountry "RUS"]
[EventCategory "1"]
[SourceTitle "CBM 158 Extra"]
[Source "ChessBase"]
[SourceDate "2014.02.28"]
[SourceVersion "1"]
[SourceVersionDate "2014.02.28"]
[SourceQuality "1"]

1. c4 g6 2. d4 Bg7 3. Nc3 d6 4. Nf3 Nd7 5. Bg5 h6 6. Bh4 g5 7. Bg3 e5 8. e3 Ne7 9. Be2 0-0 10. h4 g4 11. Nd2 h5 12. Nde4 f6 13. c5 d5 14. Qb3 c6 15. 0-0 Nf5 16. dxe5 Nxe5 17. Bxe5 fxe5 18. g3 Kh8 19. Rad1 Qe7 20. Ng5 Qxc5 21. Na4 Qe7 22. e4 Nd4 23. Qe3 Bh6 24. exd5 Bxg5 25. hxg5 Nxe2+ 26. Qxe2 Bd7 27. d6 Qxg5 28. Nc5 Rf7 29. Nxb7 Rb8 30. Nc5 Rb5 31. Qc4 1-0